Un foro de principios para la "teoría general del contrato administrativo" / (Registro nro. 6165)
[ vista simple ]
| 000 -LEADER | |
|---|---|
| fixed length control field | 01890nabaa22002177a 4500 |
| 003 - CONTROL NUMBER IDENTIFIER | |
| control field | OSt |
| 005 - DATE AND TIME OF LATEST TRANSACTION | |
| control field | 20260123205715.0 |
| 008 - FIXED-LENGTH DATA ELEMENTS--GENERAL INFORMATION | |
| fixed length control field | 190701b xxu||||| |||| 00| 0 spa d |
| 040 ## - CATALOGING SOURCE | |
| Transcribing agency | PJ |
| 100 ## - MAIN ENTRY--PERSONAL NAME | |
| 9 (RLIN) | 6878 |
| Personal name | Garda, Juan B. |
| 245 10 - TITLE STATEMENT | |
| Title | Un foro de principios para la "teoría general del contrato administrativo" / |
| Remainder of title | Juan B. Garda. |
| 300 ## - PHYSICAL DESCRIPTION | |
| Extent | p. 146-189 |
| 500 ## - GENERAL NOTE | |
| General note | Cita: TR LALEY AR/DOC/446/2024 |
| 505 ## - FORMATTED CONTENTS NOTE | |
| Formatted contents note | Sumario: I. Introducción.— II. El contrato administrativo. Origen.— III. El contrato como especie de "acto administrativo".— IV. Perspectivas contrarias a la categoría jurídica. Especial referencia a la tesis de Mairal.— V. Distintos criterios para su conceptualización (teorías del contrato administrativo). Postura adoptada al respecto por la CSJN.— VI. El triple efecto jurídico y la cuádruple clasificación del instituto. Contratos regidos parcialmente por el derecho privado.— VII. Ecuación económica financiera contractual: conceptualización técnica y formas de violentarla.— VIII. La teoría de la invalidez administrativa y su fuerza expansiva a la categoría contrato administrativo.— IX. Plazo de caducidad y contratos administrativos.— X. Doctrina de la CSJN sobre "inexistencia contractual" ante omisión de licitación pública exigida por ley. Análisis crítico.— XI. Extinción del contrato administrativo. Supuestos normales y anormales.— XII. Consideraciones finales.— XIII. Bibliografía complementaria (por orden alfabético). |
| 505 ## - FORMATTED CONTENTS NOTE | |
| Title | ¿Te interesa el texto completo? Comunicate al correo: koha@justierradelfuego.gov.ar |
| 650 #0 - SUBJECT ADDED ENTRY--TOPICAL TERM | |
| 9 (RLIN) | 211 |
| Topical term or geographic name as entry element | DERECHO ADMINISTRATIVO |
| 650 #0 - SUBJECT ADDED ENTRY--TOPICAL TERM | |
| 9 (RLIN) | 1170 |
| Topical term or geographic name as entry element | CONTRATOS ADMINISTRATIVOS |
| 650 #0 - SUBJECT ADDED ENTRY--TOPICAL TERM | |
| 9 (RLIN) | 1057 |
| Topical term or geographic name as entry element | JURISPRUDENCIA APLICABLE |
| 773 0# - HOST ITEM ENTRY | |
| Host Biblionumber | 2842 |
| Host Itemnumber | 3251 |
| Place, publisher, and date of publication | Buenos Aires : AbeledoPerrot, 2012- |
| Other item identifier | DA121 |
| Title | Derecho administrativo. Nº 152 marzo/abril 2024 |
| International Standard Book Number | 18510590 |
| 942 ## - ADDED ENTRY ELEMENTS (KOHA) | |
| Source of classification or shelving scheme | |
| Koha item type | Analítica Artículo de Revista |
No hay ítems disponibles.
